| 000 | 00492nam a22001457a 4500 | ||
|---|---|---|---|
| 005 | 20180531125551.0 | ||
| 020 |
_a0195644182 _c00 |
||
| 035 | _aA-936242, A-936244 | ||
| 037 |
_aDPL _bENG |
||
| 100 | _aGrove, Richard H. | ||
| 245 |
_aEcology, climate and empire : _bThe Indian legacy in global environmental history 1400-1940 / _cby Richard H. Grove |
||
| 260 |
_aDelhi _bOxford University Press _c1998 |
||
| 300 |
_aix, 237p. _c20 cms. |
||
| 942 |
_2ddc _cEN _h363.7099024 _mGRO |
||
| 999 |
_c67765 _d67765 |
||